[Event "CZE-ch U12 2020"]
[Site "Kouty nad Desnou"]
[Date "2020.03.12"]
[Round "7.2"]
[White "Prazak, Daniel"]
[Black "Juhanak, Daniel"]
[Result "0-1"]
[WhiteElo "1765"]
[BlackElo "1656"]
[Annotator "NA"]
[PlyCount "92"]
[EventDate "2020.03.07"]
[EventCountry "CZE"]
[SourceTitle "playchess.com"]
[Source "ChessBase"]
[SourceQuality "1"]
[TimeControl "5400+30"]

1. d4 {[%emt 0:00:00]} Nf6 {[%emt 0:00:00]} 2. Nf3 {[%emt 0:00:02]} d5 {[%emt 0:00:37]} 3. c4 {[%emt 0:00:23]} dxc4 {[%emt 0:00:46]} 4. e3 {[%emt 0:00:21]} e6 {[%emt 0:00:42]} 5. Bxc4 {[%emt 0:00:44]} c5 {[%emt 0:01:43]} 6. O-O {[%emt 0:03:25]} a6 {[%emt 0:01:12]} 7. dxc5 {[%emt 0:03:34]} Qxd1 {[%emt 0:01:49]} 8. Rxd1 {[%emt 0:02:34]} Bxc5 {[%emt 0:02:36]} 9. a3 {[%emt 0:06:02]} b5 {[%emt 0:06:24]} 10. Be2 {[%emt 0:01:34]} O-O {[%emt 0:06:37]} 11. b4 {[%emt 0:00:44]} Be7 {[%emt 0:01:47]} 12. Bb2 {[%emt 0:01:14]} Bb7 {[%emt 0:01:45]} 13. Nbd2 {[%emt 0:05:51]} Nbd7 {[%emt 0:02:23]} 14. Rac1 {[%emt 0:03:11]} Rac8 {[%emt 0:04:23]} 15. Nd4 {[%emt 0:07:09]} Rfd8 {[%emt 0:09:05]} 16. Bf3 {[%emt 0:01:51]} Nd5 {[%emt 0:05:31]} 17. N2b3 {[%emt 0:04:21]} Bf6 {[%emt 0:21:47]} 18. e4 {[%emt 0:10:07]} N5b6 {[%emt 0:02:27]} 19. e5 {[%emt 0:02:50]} Bxf3 {[%emt 0:06:11]} 20. Nxf3 {[%emt 0:00:13]} Be7 {[%emt 0:01:16]} 21. Na5 {[%emt 0:03:44]} Nc4 {[%emt 0:08:13]} 22. Nxc4 {[%emt 0:00:52]} bxc4 {[%emt 0:00:13]} 23. Bd4 {[%emt 0:05:21]} f6 {[%emt 0:07:34]} 24. g3 {[%emt 0:01:54]} fxe5 {[%emt 0:02:24]} 25. Nxe5 {[%emt 0:01:46]} Nxe5 {[%emt 0:00:48]} 26. Bxe5 {[%emt 0:00:08]} Rd5 {[%emt 0:00:42]} 27. f4 {[%emt 0:01:49]} Kf7 {[%emt 0:01:49]} 28. Kf2 {[%emt 0:01:10]} Bf6 {[%emt 0:00:40]} 29. Bxf6 {[%emt 0:00:39]} gxf6 {[%emt 0:01:00]} 30. Kf3 {[%emt 0:01:41]} Ke7 {[%emt 0:01:09]} 31. Re1 {[%emt 0:02:43]} Kd6 {[%emt 0:00:41]} 32. Re3 {[%emt 0:01:05]} Rd4 {[%emt 0:00:58]} 33. Rce1 {[%emt 0:01:07]} Re8 {[%emt 0:00:28]} 34. Re4 {[%emt 0:01:37]} Kd5 {[%emt 0:00:26]} 35. R4e3 {[%emt 0:01:12]} e5 {[%emt 0:00:30]} 36. Kg4 {[%emt 0:07:11]} Rd3 {[%emt 0:00:39]} 37. Kf5 {[%emt 0:01:56]} Rxe3 {[%emt 0:00:26]} 38. Rxe3 {[%emt 0:00:04]} Kd4 {[%emt 0:00:19]} 39. Re1 {[%emt 0:00:40]} c3 {[%emt 0:00:38]} 40. Kxf6 {[%emt 0:00:33]} e4 {[%emt 0:00:23]} 41. Kf7 {[%emt 0:00:43]} Rc8 {[%emt 0:00:13]} 42. f5 {[%emt 0:00:13]} c2 {[%emt 0:00:08]} 43. f6 {[%emt 0:00:24]} c1=Q {[%emt 0:00:16]} 44. Rxc1 {[%emt 0:00:04]} Rxc1 {[%emt 0:00:06]} 45. Kg7 {[%emt 0:00:19]} Rf1 {[%emt 0:00:08]} 46. g4 {[%emt 0:00:17]} e3 {[%emt 0:00:36]} 0-1

[Event "CZE-ch U12 2020"]
[Site "Kouty nad Desnou"]
[Date "2020.03.12"]
[Round "7.3"]
[White "Brozka, Karel"]
[Black "Fizer, Marek"]
[Result "1/2-1/2"]
[WhiteElo "2013"]
[BlackElo "1907"]
[Annotator "TA"]
[PlyCount "72"]
[EventDate "2020.03.07"]
[EventCountry "CZE"]
[SourceTitle "playchess.com"]
[Source "ChessBase"]
[SourceQuality "1"]

{[%evp 9,72,12,11,12,8,-18,-20,-24,-29,-29,-20,-12,-12,-24,-26,-31,-27,-30,-23,-34,-28,-63,-57,-153,-45,-53,-39,-32,-43,-27,-20,-74,-41,-45,-25,-16,-8,-143,-167,-186,-192,-201,-208,-185,-85,-119,-109,-160,-158,-155,-137,-156,-156,-165,-156,-155,-156,-143,-39,-67,-64,-75,-35,-47,-10]} 1. d4 e6 2. Nf3 f5 3. Nc3 Nf6 4. Bg5 c6 5. Bxf6 Qxf6 6. e4 {[#] A80: Dutch Defence: Unusual White second moves.} d5 $146 ({Predecessor:} 6... Bb4 7. e5 Qh6 8. h4 b6 9. a3 Be7 10. b4 Ba6 11. b5 Bb7 12. Qd2 Qxd2+ 13. Nxd2 {0-1 (28) Hell,M (2181)-Wannemacher,T (1967) Stennweiler 2014}) 7. exf5 (7. e5 $5 {[%cal Re5f6]} Qh6 8. g3 $14) 7... exf5 8. Ne5 {The position is equal.} Bd6 9. f4 O-O 10. Qf3 Be6 11. Bd3 Nd7 12. O-O Rae8 13. Rae1 Qd8 14. Qf2 Nf6 15. h3 Ne4 16. Nxe4 ({White should try} 16. Bxe4 $15 fxe4 17. Qd2) 16... dxe4 (16... fxe4 $17 17. Be2 Qb6) 17. Bc4 $15 Bxc4 18. Nxc4 Bc7 19. c3 Qd5 20. Qe2 (20. Ne3 $11 Qe6 21. g3) 20... Kh8 (20... g5 $5 21. fxg5 Bg3 $17) 21. h4 Re6 22. Ne5 c5 23. Rd1 (23. Qb5 $11 {keeps the balance.}) 23... cxd4 $17 ({Don't take} 23... Qxa2 24. Qb5 $11) 24. Rxd4 Bb6 {[%mdl 64] [#] Pin} 25. Rfd1 Bxd4+ 26. Rxd4 Rxe5 (26... Qxa2 $19 {Threatens to win with ...Re7.} 27. Rd7 Rb6) 27. fxe5 Qxe5 $19 {[%mdl 4096] Endgame KQR-KQR} 28. Qe3 (28. Qd2 $142) 28... Re8 29. g3 a6 30. a3 h6 31. Kg2 Qb5 32. b4 Rc8 33. g4 Rf8 (33... Re8 $17 {Hoping for ...f4!} 34. c4 Qe5) 34. gxf5 Qxf5 35. Rxe4 Qg6+ 36. Kh2 Rf2+ {Accuracy: White = 69%, Black = 71%.} 1/2-1/2

[Event "CZE-ch U12 2020"]
[Site "Kouty nad Desnou"]
[Date "2020.03.12"]
[Round "7.4"]
[White "Zelba, Lukas"]
[Black "Tichy, Tomas"]
[Result "1-0"]
[WhiteElo "1727"]
[BlackElo "1810"]
[Annotator "NA RC"]
[PlyCount "69"]
[EventDate "2020.03.07"]
[EventCountry "CZE"]
[SourceTitle "playchess.com"]
[Source "ChessBase"]
[SourceQuality "1"]
[TimeControl "5400+30"]

{[%evp 13,65,0,6,-18,3,0,40,50,52,28,76,87,72,95,77,65,68,73,66,37,74,23,39,-18,0,8,0,-9,0,1,35,22,32,32,39,23,62,32767,32767,75,73,79,956,1113,29995,29995,29995,29992,29994,29992,29992,686,29993,29994]} 1. Nf3 {[%emt 0:00:00]} Nf6 {[%emt 0:00:00]} 2. c4 {[%emt 0:00:59]} e6 {[%emt 0:00:29]} 3. g3 {[%emt 0:01:21]} d5 {[%emt 0:00:26]} 4. Bg2 {[%emt 0:00:27]} Be7 {[%emt 0:01:03]} 5. O-O {[%emt 0:00:40]} O-O {[%emt 0:00:27]} 6. Qc2 {[%emt 0:01:01]} a6 {[%emt 0:03:25] A14: English Opening: 1...e6 with b3 by White.} 7. d3 {[%emt 0:00:54]} c5 {[%emt 0:04:30]} 8. a3 {[%emt 0:02:04] [#]} Nbd7 $146 {[%emt 0:01:52]} ({Predecessor:} 8... d4 9. b4 cxb4 10. axb4 Bxb4 11. e3 Nc6 12. exd4 Nxd4 13. Nxd4 Qxd4 14. Bb2 Qd8 15. d4 Re8 16. Qb3 a5 17. Nc3 Rb8 18. Na2 Bf8 19. Bc3 Bd7 20. Bxa5 Qc8 21. Nc3 {½-½ (21) Jimenez,J (2229)-Quiroga,F (2284) Buenos Aires 2020}) 9. Bd2 {[%emt 0:00:38]} dxc4 {[%emt 0:03:19]} 10. dxc4 {[%emt 0:00:28]} Qc7 {[%emt 0:05:35]} 11. Nc3 {[%emt 0:01:24]} Nb6 {[%emt 0:03:13]} 12. Bf4 {[%emt 0:01:56]} Bd6 {[%emt 0:00:41]} 13. Bxd6 {[%emt 0:00:08]} Qxd6 {[%emt 0:00:04]} 14. Ne4 {[%emt 0:00:28]} Nxe4 {[%emt 0:01:18]} 15. Qxe4 {[%emt 0:00:08]} Qc7 {[%emt 0:04:00]} 16. Ng5 {[%emt 0:04:11]} g6 {[%emt 0:01:51]} 17. Qc2 {[%emt 0:00:55]} (17. Rfd1 $16) 17... Bd7 {[%emt 0:02:54]} 18. e4 {[%emt 0:05:31]} Bc6 {[%emt 0:03:15]} 19. b3 {[%emt 0:04:39]} Rad8 {[%emt 0:03:10]} 20. Rad1 {[%emt 0:02:03]} Rxd1 {[%emt 0:04:48]} 21. Rxd1 {[%emt 0:00:07]} Rd8 {[%emt 0:00:45]} 22. e5 {[%emt 0:06:51]} Bxg2 {[%emt 0:07:20]} 23. Kxg2 {[%emt 0:00:10]} Rd7 {[%emt 0:04:01]} 24. Rxd7 {[%emt 0:04:34]} Qxd7 {[%emt 0:00:03]} 25. Ne4 {[%emt 0:00:08]} Qc6 {[%emt 0:03:02]} 26. Qd3 {[%emt 0:03:09]} (26. f3 $18 {and the rest is easy.}) 26... Nd7 {[%emt 0:03:04]} 27. f3 {[%emt 0:07:07]} h5 $2 {[%emt 0:07:10] [#]} (27... Kg7 $16) 28. Qxd7 $1 {[%emt 0:00:20]} Qb6 {[%emt 0:01:59]} 29. Nf6+ {[%emt 0:00:11]} Kg7 {[%emt 0:00:37]} 30. Ne8+ {[%emt 0:05:10]} Kg8 {[%emt 0:01:34]} 31. Nd6 {[%emt 0:00:05]} Qxb3 {[%emt 0:00:52]} 32. Qxf7+ {[%emt 0:00:06] Double Attack} Kh8 {[%emt 0:00:10]} 33. Qxg6 {[%emt 0:00:05]} Qb2+ {[%emt 0:01:01]} 34. Kh3 {[%emt 0:00:07]} Qxa3 {[%emt 0:01:07]} 35. Nf7# 1-0

[Event "CZE-ch U12 2020"]
[Site "Kouty nad Desnou"]
[Date "2020.03.12"]
[Round "7.5"]
[White "Hladky, Tadeas"]
[Black "Soucek, Jan"]
[Result "1-0"]
[WhiteElo "1773"]
[BlackElo "1872"]
[Annotator "NA"]
[PlyCount "63"]
[EventDate "2020.03.07"]
[EventCountry "CZE"]
[SourceTitle "playchess.com"]
[Source "ChessBase"]
[SourceQuality "1"]
[TimeControl "5400+30"]

{[%evp 16,62,16,12,60,0,31,24,61,54,44,19,36,20,25,16,47,33,74,67,89,77,116,121,137,84,57,-33,-22,-50,979,1023,29986,29987,29987,29988,29991,29992,29992,29993,29993,29994,29994,29995,29997,29998,29998,29999,29999]} 1. e4 {[%emt 0:00:00]} e5 {[%emt 0:00:00]} 2. Nf3 {[%emt 0:00:00]} Nc6 {[%emt 0:00:07]} 3. d4 {[%emt 0:00:00]} exd4 {[%emt 0:00:05]} 4. Nxd4 {[%emt 0:00:00]} Nf6 {[%emt 0:00:07]} 5. Nc3 {[%emt 0:00:00]} Bb4 {[%emt 0:00:14]} 6. Nxc6 {[%emt 0:00:03]} bxc6 {[%emt 0:00:09]} 7. Bd3 {[%emt 0:00:02]} O-O {[%emt 0:02:25]} 8. O-O {[%emt 0:00:05]} Re8 {[%emt 0:13:31]} 9. Re1 {[%emt 0:09:09] C47: Scotch Four Knights and Four Knights with 4 g3.} Rb8 {[%emt 0:09:15]} (9... d6 $11) 10. Bg5 {[%emt 0:04:05]} Be7 {[%emt 0:05:43]} 11. Rb1 {[%emt 0:03:14] [#]} h6 $146 {[%emt 0:07:52]} ({Predecessor:} 11... d5 12. exd5 Nxd5 13. Bxe7 Rxe7 14. Rxe7 Qxe7 15. Nxd5 cxd5 16. Qh5 g6 17. Qxd5 Bb7 {1-0 (53) Nonis,P (1584)-Attanayake,C (1152) Negombo 2016}) 12. Be3 {[%emt 0:03:46]} a5 {[%emt 0:02:15]} 13. h3 {[%emt 0:03:39]} Bf8 {[%emt 0:06:36]} 14. Bd2 {[%emt 0:17:58]} d6 {[%emt 0:12:17]} 15. f4 {[%emt 0:06:17]} Bb7 {[%emt 0:04:32]} 16. Qf3 {[%emt 0:03:31]} Re7 {[%emt 0:19:17]} 17. Nd1 {[%emt 0:03:22]} c5 {[%emt 0:04:26]} 18. Nf2 {[%emt 0:06:09]} Qd7 {[%emt 0:06:15]} 19. Bc3 {[%emt 0:05:09]} Rbe8 {[%emt 0:01:06]} 20. Bxf6 {[%emt 0:00:28]} gxf6 {[%emt 0:00:01] [#]} 21. Ng4 {[%emt 0:00:52]} ({Better is} 21. f5 $1 $16) 21... Bg7 {[%emt 0:00:14]} 22. Qg3 {[%emt 0:00:08]} Kh7 $2 {[%emt 0:03:48] [#]} (22... Kf8 $15) 23. Nxf6+ $1 {[%emt 0:02:56] Promotion} Bxf6 {[%emt 0:00:01]} 24. e5+ $1 {[%emt 0:00:10] Discovered Attack} Kh8 {[%emt 0:00:03]} 25. exf6 {[%emt 0:00:04]} Rxe1+ {[%emt 0:00:33]} 26. Rxe1 {[%emt 0:00:01]} Rg8 {[%emt 0:00:13] [#]} 27. Qh4 $1 {[%emt 0:00:17]} Rxg2+ {[%emt 0:01:45]} 28. Kf1 {[%emt 0:00:02]} Rg6 {[%emt 0:00:39]} 29. Bxg6 {[%emt 0:00:11]} fxg6 {[%emt 0:00:14]} 30. Qxh6+ {[%emt 0:00:25] Double Attack} Kg8 {[%emt 0:00:03] [#]} 31. Re8+ $1 {[%emt 0:00:09]} Kf7 {[%emt 0:00:29]} 32. Re7+ 1-0

[Event "CZE-ch U12 2020"]
[Site "Kouty nad Desnou"]
[Date "2020.03.12"]
[Round "7.6"]
[White "Day, Tobias"]
[Black "Jasso, Matej"]
[Result "1-0"]
[WhiteElo "1837"]
[BlackElo "1582"]
[Annotator "NA RC"]
[PlyCount "57"]
[EventDate "2020.03.07"]
[EventCountry "CZE"]
[SourceTitle "playchess.com"]
[Source "ChessBase"]
[SourceQuality "1"]
[TimeControl "5400+30"]

{[%evp 16,57,24,16,20,0,51,65,39,2,68,54,70,69,85,33,227,254,358,270,233,68,82,142,341,508,511,356,671,337,331,337,32767,32767,810,743,704,797,29993,29994,29996,1244,29998,29999]} 1. e4 {[%emt 0:00:00]} d6 {[%emt 0:00:11]} 2. d4 {[%emt 0:00:36]} Nf6 {[%emt 0:00:10]} 3. Nc3 {[%emt 0:00:07]} g6 {[%emt 0:00:06]} 4. Nf3 {[%emt 0:00:31]} Bg7 {[%emt 0:00:11]} 5. Be2 {[%emt 0:01:31]} c6 {[%emt 0:00:32]} 6. h3 {[%emt 0:00:17]} O-O {[%emt 0:00:11]} 7. Be3 {[%emt 0:00:48]} b5 {[%emt 0:00:21]} 8. a3 {[%emt 0:03:38]} Qc7 {[%emt 0:03:08]} 9. O-O {[%emt 0:00:48]} Nbd7 {[%emt 0:01:04]} 10. Nd2 {[%emt 0:03:14] [#]} Re8 $146 {[%emt 0:03:32] B08: Pirc Defence: Classical System.} ({Predecessor:} 10... a6 11. f4 Nb6 12. Qe1 c5 13. Qf2 Nfd7 14. Nb3 Na4 15. Nd5 Qd8 16. dxc5 Bb7 17. c4 bxc4 18. Bxc4 Naxc5 19. Nxc5 Nxc5 20. Bxc5 dxc5 21. Qxc5 {0-1 (40) Yap,K (2418)-Petrosian,T (2663) Dubai 2013}) 11. f4 {[%emt 0:01:57]} a6 {[%emt 0:04:36]} 12. Qe1 {[%emt 0:04:07]} (12. e5 $5 {[%cal Re5f6]}) 12... e5 {[%emt 0:02:38]} (12... c5 $11) 13. dxe5 $1 {[%emt 0:01:42]} dxe5 {[%emt 0:00:25]} 14. f5 {[%emt 0:00:17]} Bb7 {[%emt 0:02:19]} 15. g4 {[%emt 0:01:00]} ({White should try} 15. Rd1 $16) 15... c5 $2 {[%emt 0:01:21]} (15... Nd5 $16 16. exd5 cxd5) 16. g5 {[%emt 0:01:04]} b4 {[%emt 0:00:37]} (16... Nh5 $142 17. Bxh5 gxh5) 17. gxf6 {[%emt 0:03:20]} bxc3 {[%emt 0:00:11]} 18. bxc3 {[%emt 0:00:21]} ({Don't play} 18. fxg7 $6 cxd2 19. Bxd2 (19. Qxd2 Bxe4 20. fxg6 Bxg6 $16) 19... Bxe4 $16) ({White has to play} 18. fxg6 $18 Bxf6 19. gxh7+ (19. bxc3 fxg6 20. Bh6 Bc6 $16) 19... Kh8 20. bxc3) 18... Nxf6 {[%emt 0:02:15]} 19. Qh4 {[%emt 0:02:31]} Qa5 $2 {[%emt 0:05:12]} (19... Qc6 $16 {keeps fighting.}) 20. fxg6 {[%emt 0:02:10]} hxg6 {[%emt 0:04:50]} 21. Rab1 {[%emt 0:04:25]} Ra7 $2 {[%emt 0:05:29]} (21... Bc8 22. Rxf6 Bxf6 23. Qxf6 Qd8) 22. Rxf6 {[%emt 0:01:35]} Bxf6 {[%emt 0:01:37]} 23. Qxf6 {[%emt 0:00:05]} Re6 {[%emt 0:00:04]} 24. Qf2 {[%emt 0:00:33]} Qc7 {[%emt 0:04:15]} 25. Bc4 {[%emt 0:00:46]} Rd6 {[%emt 0:01:35]} 26. Rf1 {[%emt 0:01:44]} Rd7 {[%emt 0:01:07]} 27. Qf6 {[%emt 0:01:34]} Kh7 {[%emt 0:07:38] [#]} 28. Bxf7 {[%emt 0:01:19]} (28. Bh6 $142 $1 {[%mdl 512]} Kxh6 29. Qh8+ Kg5 30. Be2 Rxd2 31. h4#) 28... Bxe4 {[%emt 0:00:48]} 29. Qh4+ {[%emt 0:00:42] Double Attack} 1-0

[Event "CZE-ch U12 2020"]
[Site "Kouty nad Desnou"]
[Date "2020.03.12"]
[Round "7.7"]
[White "Martirosyan, David"]
[Black "Nguyen, Thai Dang Vi"]
[Result "1-0"]
[WhiteElo "1522"]
[BlackElo "1510"]
[Annotator "NA RC"]
[PlyCount "49"]
[EventDate "2020.03.07"]
[EventCountry "CZE"]
[SourceTitle "playchess.com"]
[Source "ChessBase"]
[SourceQuality "1"]
[TimeControl "5400+30"]

1. e4 e5 {[%emt 0:00:00]} 2. Nf3 {[%emt 0:00:16]} Nf6 {[%emt 0:00:00]} 3. Nc3 {[%emt 0:00:37]} Nc6 {[%emt 0:00:38]} 4. Bb5 {[%emt 0:00:37]} Bc5 {[%emt 0:01:45]} 5. O-O {[%emt 0:01:05]} d6 {[%emt 0:00:39]} 6. h3 {[%emt 0:01:29]} O-O {[%emt 0:00:41]} 7. d3 {[%emt 0:00:57]} h6 {[%emt 0:00:34]} 8. Ne2 {[%emt 0:02:11]} Be6 {[%emt 0:02:27]} 9. c3 {[%emt 0:01:37]} a6 {[%emt 0:01:27]} 10. Ba4 {[%emt 0:00:25]} Ba7 {[%emt 0:03:47]} 11. Ng3 {[%emt 0:03:19]} b5 {[%emt 0:04:20]} 12. Bc2 {[%emt 0:01:21]} Re8 {[%emt 0:00:38]} 13. Re1 {[%emt 0:01:21]} Qe7 {[%emt 0:06:03]} 14. d4 {[%emt 0:01:11]} exd4 {[%emt 0:00:52]} 15. cxd4 {[%emt 0:00:46]} d5 {[%emt 0:02:35]} 16. e5 {[%emt 0:03:20]} Nd7 {[%emt 0:00:23]} 17. Qd3 {[%emt 0:01:08]} Nf8 {[%emt 0:00:27]} 18. a3 {[%emt 0:07:16]} Na5 {[%emt 0:03:36]} 19. Bd2 {[%emt 0:02:46]} Bb6 {[%emt 0:00:39]} 20. Bb4 {[%emt 0:05:53]} Qd8 {[%emt 0:07:28]} 21. Bxf8 {[%emt 0:03:44]} Kxf8 {[%emt 0:02:20]} 22. Qh7 {[%emt 0:02:21]} f6 {[%emt 0:03:38]} 23. Nh5 {[%emt 0:09:19]} Qd7 {[%emt 0:17:57]} 24. exf6 {[%emt 0:01:02]} gxf6 {[%emt 0:00:33]} 25. Qxh6+ 1-0

[Event "CZE-ch U12 2020"]
[Site "Kouty nad Desnou"]
[Date "2020.03.12"]
[Round "7.8"]
[White "Sedmihradsky, Tomas"]
[Black "Sigut, Ondrej"]
[Result "1-0"]
[WhiteElo "1024"]
[BlackElo "1274"]
[Annotator "NA"]
[PlyCount "89"]
[EventDate "2020.03.07"]
[EventCountry "CZE"]
[SourceTitle "playchess.com"]
[Source "ChessBase"]
[SourceQuality "1"]
[TimeControl "5400+30"]

1. b3 {[%emt 0:00:00]} e5 {[%emt 0:00:08]} 2. Bb2 {[%emt 0:00:00]} Nc6 {[%emt 0:00:13]} 3. c4 {[%emt 0:00:24]} d6 {[%emt 0:00:37]} 4. Nc3 {[%emt 0:00:44]} Nf6 {[%emt 0:00:35]} 5. e3 {[%emt 0:00:48]} Be7 {[%emt 0:00:32]} 6. d4 {[%emt 0:01:42]} exd4 {[%emt 0:02:25]} 7. exd4 {[%emt 0:00:05]} O-O {[%emt 0:00:35]} 8. Qd2 {[%emt 0:01:49]} Bf5 {[%emt 0:01:13]} 9. O-O-O {[%emt 0:01:22]} Ne4 {[%emt 0:05:23]} 10. Nxe4 {[%emt 0:01:04]} Bxe4 {[%emt 0:00:14]} 11. f3 {[%emt 0:00:42]} Bg6 {[%emt 0:00:41]} 12. d5 {[%emt 0:03:20]} Nb8 {[%emt 0:02:48]} 13. Ne2 {[%emt 0:13:06]} a6 {[%emt 0:07:41]} 14. Nd4 {[%emt 0:05:21]} Re8 {[%emt 0:02:44]} 15. Bd3 {[%emt 0:00:47]} Bxd3 {[%emt 0:10:17]} 16. Qxd3 {[%emt 0:00:11]} c5 {[%emt 0:01:25]} 17. Nf5 {[%emt 0:03:32]} Bf6 {[%emt 0:03:22]} 18. Rhe1 {[%emt 0:13:13]} Nd7 {[%emt 0:11:45]} 19. Rxe8+ {[%emt 0:03:34]} Qxe8 {[%emt 0:00:32]} 20. Bxf6 {[%emt 0:00:14]} Nxf6 {[%emt 0:01:42]} 21. Nxd6 {[%emt 0:01:15]} Qd7 {[%emt 0:05:17]} 22. Ne4 {[%emt 0:00:48]} Ne8 {[%emt 0:02:04]} 23. Nxc5 {[%emt 0:00:51]} Qc7 {[%emt 0:02:58]} 24. Ne4 {[%emt 0:03:47]} Nd6 {[%emt 0:03:21]} 25. g3 {[%emt 0:04:16]} Re8 {[%emt 0:03:06]} 26. Nxd6 Qxd6 {[%emt 0:00:14]} 27. Kb2 {[%emt 0:06:13]} b6 {[%emt 0:01:54]} 28. a3 {[%emt 0:03:11]} a5 {[%emt 0:01:12]} 29. f4 {[%emt 0:01:12]} h6 {[%emt 0:01:27]} 30. Rd2 {[%emt 0:02:17]} Qf6+ {[%emt 0:04:11]} 31. Qd4 {[%emt 0:01:19]} Qd6 {[%emt 0:00:45]} 32. Qc3 {[%emt 0:04:05]} Kf8 {[%emt 0:02:44]} 33. b4 {[%emt 0:00:27]} axb4 {[%emt 0:00:25]} 34. Qxb4 {[%emt 0:00:08]} Rd8 {[%emt 0:00:50]} 35. Qxd6+ {[%emt 0:00:32]} Rxd6 {[%emt 0:00:09]} 36. Kc3 {[%emt 0:00:12]} Ke7 {[%emt 0:00:14]} 37. Kb4 {[%emt 0:00:23]} Kd7 {[%emt 0:00:34]} 38. Re2 {[%emt 0:00:16]} g6 {[%emt 0:01:29]} 39. Kb5 {[%emt 0:00:23]} h5 {[%emt 0:01:10]} 40. h4 {[%emt 0:00:34]} Rf6 {[%emt 0:01:10]} 41. Re5 {[%emt 0:00:43]} Rd6 {[%emt 0:00:50]} 42. a4 {[%emt 0:00:15]} Rf6 {[%emt 0:00:31]} 43. a5 {[%emt 0:00:22]} bxa5 {[%emt 0:00:11]} 44. Kxa5 {[%emt 0:00:06]} Rd6 {[%emt 0:00:20]} 45. Kb5 {[%emt 0:01:07]} 1-0

[Event "CZE-ch U12 2020"]
[Site "Kouty nad Desnou"]
[Date "2020.03.12"]
[Round "7.9"]
[White "Veverka, Vladimir"]
[Black "Hobza, Richard"]
[Result "1-0"]
[WhiteElo "1656"]
[BlackElo "1251"]
[Annotator "NA RC"]
[PlyCount "137"]
[EventDate "2020.03.07"]
[EventCountry "CZE"]
[SourceTitle "playchess.com"]
[Source "ChessBase"]
[SourceQuality "1"]
[TimeControl "5400+30"]

1. d4 {[%emt 0:00:01]} d5 {[%emt 0:00:00]} 2. c4 {[%emt 0:01:51]} dxc4 {[%emt 0:00:55]} 3. e3 {[%emt 0:06:43]} e5 {[%emt 0:03:14]} 4. Nf3 {[%emt 0:04:22]} exd4 {[%emt 0:04:30]} 5. Bxc4 {[%emt 0:02:05]} Nc6 {[%emt 0:09:47]} 6. exd4 {[%emt 0:08:22]} Bb4+ {[%emt 0:05:28]} 7. Nc3 {[%emt 0:03:12]} Nf6 {[%emt 0:03:01]} 8. O-O {[%emt 0:05:07]} O-O {[%emt 0:03:22]} 9. Qb3 {[%emt 0:10:05]} Bxc3 {[%emt 0:04:17]} 10. Qxc3 {[%emt 0:00:48]} Bf5 {[%emt 0:04:53]} 11. Bg5 {[%emt 0:07:36]} Qd6 {[%emt 0:07:45]} 12. Bh4 {[%emt 0:13:36]} h6 {[%emt 0:06:29]} 13. Bg3 {[%emt 0:02:07]} Qd7 {[%emt 0:05:51]} 14. Bb5 {[%emt 0:02:45]} Ne4 {[%emt 0:03:30]} 15. Qc4 {[%emt 0:10:23]} Nxg3 {[%emt 0:04:04]} 16. hxg3 {[%emt 0:00:51]} Be6 {[%emt 0:04:04]} 17. Qc5 {[%emt 0:06:47]} Qd5 {[%emt 0:04:21]} 18. Rfc1 {[%emt 0:03:10]} Rfd8 {[%emt 0:07:40]} 19. Bxc6 {[%emt 0:01:35]} Qxc6 {[%emt 0:00:26]} 20. Qxc6 {[%emt 0:00:31]} bxc6 {[%emt 0:00:07]} 21. Rxc6 {[%emt 0:01:02]} Bd5 {[%emt 0:00:29]} 22. Rxc7 {[%emt 0:00:33]} Bxf3 {[%emt 0:00:13]} 23. gxf3 {[%emt 0:00:15]} Rxd4 {[%emt 0:00:15]} 24. Rac1 {[%emt 0:05:23]} Rd2 {[%emt 0:02:28]} 25. R1c2 {[%emt 0:00:18]} Rad8 {[%emt 0:00:42]} 26. Rc8 {[%emt 0:01:36]} Rxc2 {[%emt 0:00:45]} 27. Rxc2 {[%emt 0:00:40]} Kf8 {[%emt 0:00:40]} 28. b4 {[%emt 0:01:20]} Rb8 {[%emt 0:01:03]} 29. Rb2 {[%emt 0:00:19]} Ke7 {[%emt 0:00:29]} 30. Kf1 {[%emt 0:00:13]} Kd6 {[%emt 0:00:38]} 31. Ke2 {[%emt 0:00:45]} Kc6 {[%emt 0:00:34]} 32. a4 {[%emt 0:00:30]} a6 {[%emt 0:00:51]} 33. Ke3 {[%emt 0:00:46]} Rd8 {[%emt 0:02:01]} 34. Rc2+ {[%emt 0:00:49]} Kb6 {[%emt 0:01:27]} 35. Rd2 {[%emt 0:00:17]} Re8+ {[%emt 0:00:51]} 36. Kd3 {[%emt 0:00:21]} Rd8+ {[%emt 0:00:36]} 37. Kc3 {[%emt 0:00:09]} Rc8+ {[%emt 0:00:40]} 38. Kb3 {[%emt 0:00:14]} Rc7 {[%emt 0:00:08]} 39. Rd6+ {[%emt 0:00:41]} Kb7 {[%emt 0:00:16]} 40. Rd8 {[%emt 0:00:20]} Re7 {[%emt 0:01:19]} 41. Rd2 {[%emt 0:00:45]} Kb6 {[%emt 0:00:39]} 42. Kc3 {[%emt 0:00:56]} f6 {[%emt 0:02:17]} 43. Kd3 {[%emt 0:00:38]} Kc6 {[%emt 0:01:11]} 44. Re2 {[%emt 0:00:30]} Rd7+ {[%emt 0:00:22]} 45. Ke3 {[%emt 0:00:19]} Re7+ {[%emt 0:00:16]} 46. Kd2 {[%emt 0:00:34]} Rd7+ {[%emt 0:01:15]} 47. Kc2 {[%emt 0:00:20]} Kb7 {[%emt 0:00:35]} 48. Re3 {[%emt 0:00:25]} Kc7 {[%emt 0:00:30]} 49. Rc3+ {[%emt 0:00:24]} Kb7 {[%emt 0:00:24]} 50. Rd3 {[%emt 0:00:43]} Rc7+ {[%emt 0:00:25]} 51. Kd2 {[%emt 0:00:08]} Re7 {[%emt 0:02:02]} 52. Re3 {[%emt 0:00:31]} Rd7+ {[%emt 0:00:28]} 53. Ke2 {[%emt 0:00:09]} a5 {[%emt 0:00:56]} 54. b5 {[%emt 0:01:22]} Rc7 {[%emt 0:01:50]} 55. Re4 {[%emt 0:00:42]} Rd7 {[%emt 0:00:51]} 56. Ke3 {[%emt 0:00:24]} Kb6 {[%emt 0:00:27]} 57. Rc4 {[%emt 0:00:23]} Kb7 {[%emt 0:00:58]} 58. Rc6 {[%emt 0:00:35]} Rd8 {[%emt 0:01:13]} 59. Ra6 {[%emt 0:00:29]} Rd7 {[%emt 0:00:17]} 60. Rxa5 {[%emt 0:00:18]} Kb6 {[%emt 0:00:08]} 61. Ra8 {[%emt 0:00:30]} Kc5 {[%emt 0:00:14]} 62. Re8 {[%emt 0:00:49]} Ra7 {[%emt 0:00:50]} 63. Re4 {[%emt 0:00:10]} Kb6 {[%emt 0:00:25]} 64. Kf4 {[%emt 0:00:22]} Kc5 {[%emt 0:00:55]} 65. Kf5 {[%emt 0:00:17]} Kd5 {[%emt 0:00:41]} 66. Kg6 {[%emt 0:00:31]} Kd6 {[%emt 0:00:49]} 67. Rg4 {[%emt 0:01:09]} Ke6 {[%emt 0:00:33]} 68. b6 {[%emt 0:00:26]} Rb7 {[%emt 0:00:08]} 69. Rb4 {[%emt 0:00:15]} 1-0